000 00379nam a2200133Ia 4500
008 230511s2013 xx 000 0 und d
041 _aeng
082 _a346.0166
100 _aDas P S
245 _aLaw Relating to Cruelty to Husband: Divorce and Maintenance to Wife
260 _aNew Delhi
_bUniversal Law Publishing
_c2013
300 _a398
906 _aMarriage and Divorce
999 _c349240
_d349240